00364 a2200109 4500001001000000005001700010008004100027245006200068100002600130700002000156773007800176ART_1154920260410161858.0260409a 10aAmenities and property values in a model of an urban area1 aPolinsky, A. Mitchell1 aShavell, Steven0 tJournal of public economicsg- Vol. 5, NÂș 1/2 (ene./feb. 1976)wREV11485